Normal view
MARC view
Entry Personal Name
001 - CONTROL NUMBER
- control field: 11153
003 - CONTROL NUMBER IDENTIFIER
- control field: MY-SjTCS
005 - DATE AND TIME OF LATEST TRANSACTION
- control field: 20191205122036.0
008 - FIXED-LENGTH DATA ELEMENTS
- fixed length control field: 070920 n a|n||abb| n a|a d
039 #9 -
- : 201112031058
- : wilmina
- : 200709201509
- : Irma
040 ## - CATALOGING SOURCE
- Original cataloging agency: MY-SjTCS
- Transcribing agency: MY-SjTCS
100 1# - HEADING--PERSONAL NAME
- Personal name: Bhanoji, Rao, V. V.
400 1# - SEE FROM TRACING--PERSONAL NAME
- Personal name: Rao, V. V. Bhanoji
999 ## -
- : VIRTUA40 x
999 ## -
- : VTLSSORT0080*1000*4000*9991